Principles of marketing / (Record no. 10232)

MARC details
000 -LEADER
fixed length control field 00929nac a22002891u 4500
008 - FIXED-LENGTH DATA ELEMENTS--GENERAL INFORMATION
fixed length control field 081021t xxu||||| bd 001 0 eng d
010 ## - LIBRARY OF CONGRESS CONTROL NUMBER
LC control number 2004029593
020 ## - INTERNATIONAL STANDARD BOOK NUMBER
International Standard Book Number 0131469185
020 ## - INTERNATIONAL STANDARD BOOK NUMBER
International Standard Book Number 9780131469181
020 ## - INTERNATIONAL STANDARD BOOK NUMBER
International Standard Book Number 0132390027 ( Hard Cover)
020 ## - INTERNATIONAL STANDARD BOOK NUMBER
International Standard Book Number 9780132390026 ( Hard Cover)
082 04 - DEWEY DECIMAL CLASSIFICATION NUMBER
Classification number 658.8
Item number KOT
Edition number 22
100 1# - MAIN ENTRY--PERSONAL NAME
Personal name Kotler, Philip.
9 (RLIN) 9038
245 10 - TITLE STATEMENT
Title Principles of marketing /
Statement of responsibility, etc Philip Kotler, Gary Armstrong.
250 ## - EDITION STATEMENT
Edition statement 11th ed.
260 ## - PUBLICATION, DISTRIBUTION, ETC. (IMPRINT)
Place of publication, distribution, etc Upper Saddle River, United States :
Name of publisher, distributor, etc Pearson Prentice Hall,
Date of publication, distribution, etc c.2006.
300 ## - PHYSICAL DESCRIPTION
Extent xxxi, 599 p. :
Other physical details ill. [col.] ;
Dimensions 24 cm.
500 ## - GENERAL NOTE
General note Includes appendix.
500 ## - GENERAL NOTE
General note Includes Glossary.
500 ## - GENERAL NOTE
General note Includes index.
504 ## - BIBLIOGRAPHY, ETC. NOTE
Bibliography, etc Includes bibliography.
650 #0 - SUBJECT ADDED ENTRY--TOPICAL TERM
Topical term or geographic name as entry element Marketing
9 (RLIN) 4499
653 ## - INDEX TERM--UNCONTROLLED
Resource For college
Arrived date list January2014
655 ## - INDEX TERM--GENRE/FORM
Form subdivision
-- 34232
700 1# - ADDED ENTRY--PERSONAL NAME
Personal name Armstrong, Gary
9 (RLIN) 11708
942 ## - ADDED ENTRY ELEMENTS (KOHA)
Item type Book - Borrowing
Call number prefix 658.8 KOT
Source of classification or shelving scheme Dewey Decimal Classification
Holdings
Withdrawn status Item status Source of classification or shelving scheme Materials specified (bound volume or other part) Damaged status Not for loan Vendor Home library Current library Shelving location Date acquired Source of acquisition Total Checkouts Total Renewals Full call number Barcode Date last seen Date last borrowed Koha item type Cost, normal purchase price Cost, replacement price
  Lost Dewey Decimal Classification Lost In Inventory_2015-8-23     Baccah Central Library Central Library First floor 21/10/2008   10 31 658.8 KOT 000014067 25/07/2010 16/02/2010 Book - Borrowing    
  Lost Dewey Decimal Classification Lost In Inventory_2015-8-23     Baccah Central Library Central Library First floor 21/10/2008   8 7 658.8 KOT 000014068 22/10/2009 15/10/2009 Book - Borrowing    
  Lost Dewey Decimal Classification Lost In Inventory_2018-08-12     Baccah Central Library Central Library First floor 21/10/2008   7   658.8 KOT 000014069 29/09/2010 03/11/2009 Book - Borrowing    
    Dewey Decimal Classification       Baccah Central Library Central Library First floor 21/10/2008   10 39 658.8 KOT 000014070 15/07/2025 19/10/2010 Book - Borrowing    
    Dewey Decimal Classification       Baccah Central Library Central Library First floor 21/10/2008   14 18 658.8 KOT 000014072 15/07/2025 23/11/2015 Book - Borrowing    
    Dewey Decimal Classification       Baccah Central Library Central Library First floor 21/10/2008   18 19 658.8 KOT 000014073 15/07/2025 16/11/2015 Book - Borrowing    
    Dewey Decimal Classification       Baccah Central Library Central Library First floor 21/10/2008   13 24 658.8 KOT 000014074 15/07/2025 10/03/2019 Book - Borrowing    
    Dewey Decimal Classification       Baccah Central Library Central Library First floor 21/10/2008   11 107 658.8 KOT 000014075 15/07/2025 15/03/2010 Book - Borrowing    
    Dewey Decimal Classification       Baccah Central Library Central Library First floor 21/10/2008   8   658.8 KOT 000014076 15/07/2025 22/03/2010 NB - Book (Non borrowing)    
  Lost Dewey Decimal Classification Lost In Inventory_2015-8-23     Baccah Central Library Central Library First floor 21/10/2009   1   658.8 KOT 000018479 07/10/2010 29/10/2009 Book - Borrowing    
    Dewey Decimal Classification       Baccah Central Library Central Library First floor 21/10/2009   4   658.8 KOT 000018478 15/07/2025 23/11/2015 Book - Borrowing    
    Dewey Decimal Classification       Baccah Central Library Central Library First floor 22/03/2010   9 3 658.8 KOT 000020265 15/07/2025 25/11/2017 Book - Borrowing    
  Lost and Paid For Dewey Decimal Classification       Baccah Central Library Central Library First floor 23/03/2010   6 62 658.8 KOT 000020266 03/10/2013 03/10/2013 Book - Borrowing 250.00 250.00
    Dewey Decimal Classification         Central Library Central Library First floor 17/10/2010   4 1 658.8 KOT 000022410 15/07/2025 21/01/2018 Book - Borrowing    
  Lost and Paid For Dewey Decimal Classification       Donation-Gift Central Library Central Library First floor 20/01/2014 Donation 9 6 658.8 KOT 000035346 06/02/2017 06/02/2017 Book - Borrowing   685.00
    Dewey Decimal Classification         Central Library Central Library First floor 13/03/2018   3   658.8 KOT 000047381 15/07/2025 06/12/2020 Book - Borrowing